00420 a2200157 4500003000400000005001700004008004100021020001800062040000900080082001500089100001600104245010000120250001300220260002000233300000900253OSt20240125113223.0231205b |||||||| |||| 00| 0 eng d a9789355016836 coclc a954bGRO/N aGrover, B L aA new look at modern Indian history : bfrom 1707 to the modern times /cB L Grover, Alka Mehta a33rd ed. bS Chand,c2023. a582p